Statistiken für Deutsche Literaturepochen bis zum 2. Weltkrieg

Klicken Sie hier um das Quiz zu spielen!

Allgemein

  • Dieses Quiz wurde 237 mal gespielt
  • Das Durchschnittsergebnis liegt bei 8 aus 17

Antwortstatistiken

ZeitEpoche% Korrekt
~1795 - 1840Romantik
87%
~1600 - 1720Barock
73%
~1786 - 1832Klassik
71%
~1765 - 1786Sturm und Drang
71%
~1720 - 1800Aufklärung
56%
~750 - 1450Mittelalter
55%
~1905 - 1925Expressionismus
53%
~1890 - 1920Moderne
42%
~1880 - 1900Naturalismus
42%
~1848 - 1900Realismus
42%
~1890 - 1920Impressionismus
41%
~1815 - 1848Biedermeier
40%
~1830 - 1848Vormärz
35%
~1918 - 1933Neue Sachlichkeit
26%
~1933 - 1945Exilliteratur
18%
~1740 - 1780Empfindsamkeit
17%
~1450 - 1600Frühe Neuzeit
6%

Verteilung der Resultate

Perzentil nach korrekt beantworteten Fragen

Anzahl Personen mit jedem Resultat

Ihre Resultats-Entwicklung

Sie haben dieses Quiz noch nicht gespielt